[Event "XLVI C.to Italiano"]
[Site "Cesenatico ITA"]
[Date "1986.06.??"]
[Round "11"]
[White "Sibilio, Mario"]
[Black "Bellia, Fabrizio"]
[Result "1-0"]
[WhiteElo "2305"]
[BlackElo "2230"]
[PlyCount "47"]
[EventDate "1986.06.15"]

1. d4 Nf6 2. Nc3 g6 3. e4 d6 4. Be2 Bg7 5. g4 O-O 6. h4 c5 7. d5 e6 8. h5 exd5
9. hxg6 hxg6 10. Bg5 Qa5 11. Kf1 Re8 12. Bxf6 Bxf6 13. Nxd5 Bg7 14. Qd3 Be6 15.
f4 Nc6 16. c3 Ne7 17. Nxe7+ Rxe7 18. f5 gxf5 19. gxf5 Bc8 20. Qg3 Kf8 21. Qf4
Be5 22. f6 Ke8 23. Rh8+ Kd7 24. fxe7 1-0

[Event "XLVI C.to Italiano"]
[Site "Cesenatico ITA"]
[Date "1986.06.??"]
[Round "12"]
[White "Bellia, Fabrizio"]
[Black "Sarno, Spartaco"]
[Result "1-0"]
[WhiteElo "2230"]
[BlackElo "2400"]
[PlyCount "57"]
[EventDate "1986.06.15"]

1. e4 c6 2. Nc3 d5 3. Nf3 Bg4 4. h3 Bxf3 5. Qxf3 Nf6 6. e5 Nfd7 7. d4 e6 8. Qg3
Qb6 9. Ne2 c5 10. c3 Nc6 11. Qe3 cxd4 12. cxd4 Rc8 13. a3 Be7 14. g3 O-O 15.
Bg2 Na5 16. O-O Nb3 17. Rb1 Rc5 18. Rd1 Rfc8 19. Qd3 f6 20. exf6 Bxf6 21. Be3
Nb8 22. Nf4 Kh8 23. Nxe6 Qxe6 24. Qxb3 Nc6 25. Qxb7 Rb8 26. Qc7 Rd8 27. Qf4 g5
28. Qg4 Qf7 29. Rbc1 1-0

[Event "XLVI C.to Italiano"]
[Site "Cesenatico ITA"]
[Date "1986.06.??"]
[Round "12"]
[White "Bellini, Fabio"]
[Black "Sibilio, Mario"]
[Result "0-1"]
[WhiteElo "2380"]
[BlackElo "2305"]
[PlyCount "98"]
[EventDate "1986.06.15"]

1. e4 c5 2. Nf3 g6 3. d4 Bg7 4. d5 Nf6 5. e5 Ng4 6. Bf4 d6 7. Bb5+ Kf8 8. Nc3
Nxe5 9. Nxe5 Bxe5 10. Bxe5 dxe5 11. a4 a6 12. Bc4 Nd7 13. Qd2 Kg7 14. O-O-O b5
15. axb5 axb5 16. Bxb5 Ra1+ 17. Nb1 Nf6 18. f3 Qb6 19. Qe2 e4 20. fxe4 Bg4 21.
Qd3 Bxd1 22. Rxd1 Ng4 23. c4 Qf6 24. Re1 Qf4+ 25. Kc2 Qxh2 26. Qf3 h5 27. Rf1
Qxg2+ 28. Qxg2 Ne3+ 29. Kc3 Nxg2 30. b4 cxb4+ 31. Kxb4 h4 32. c5 h3 33. c6 Ne3
34. Rh1 Nc2+ 35. Kc5 Na3 36. Bd3 Nxb1 37. Bxb1 Rb8 38. Rxh3 Rbxb1 39. Rc3 Rc1
40. Rxc1 Rxc1+ 41. Kb6 g5 42. e5 g4 43. d6 exd6 44. exd6 g3 45. d7 g2 46. d8=Q
g1=Q+ 47. Kb7 Rb1+ 48. Kc8 Qg4+ 49. Kc7 Qf4+ 0-1

[Event "XLVI C.to Italiano"]
[Site "Cesenatico ITA"]
[Date "1986.06.??"]
[Round "12"]
[White "Belotti, Bruno"]
[Black "De Eccher, Stefano"]
[Result "1/2-1/2"]
[WhiteElo "2355"]
[BlackElo "2325"]
[PlyCount "121"]
[EventDate "1986.06.15"]

1. d4 Nf6 2. c4 e6 3. Nf3 b6 4. g3 Ba6 5. b3 d5 6. cxd5 exd5 7. Bg2 Be7 8. O-O
O-O 9. Nc3 Re8 10. Ne5 Bb7 11. Be3 Nbd7 12. Nd3 Ne4 13. Na4 Bf6 14. Rc1 Nf8 15.
Nf4 Ne6 16. Qd3 Nxf4 17. Bxf4 c6 18. Rc2 Qd7 19. Bc1 Rad8 20. Ba3 g6 21. e3 Qf5
22. Rd1 Bg7 23. Qe2 Bh6 24. Nc3 Nxf2 25. Rf1 Bxe3 26. Rxf2 Bxd4 27. Qd1 Qe5 28.
Qf3 Qe1+ 29. Bf1 Ba6 30. Kg2 Bxf2 31. Rxf2 Bxf1+ 32. Rxf1 Qe6 33. Rf2 d4 34.
Ne2 c5 35. Nf4 Qe4 36. Rd2 f5 37. Bb2 Qe1 38. Qd3 Qe4+ 39. Kf2 Qe3+ 40. Kg2
Qe4+ 41. Kf2 Qe3+ 42. Kg2 Qxd3 43. Nxd3 Kf7 44. Kf2 a5 45. Bc1 Re4 46. Rc2 Rde8
47. Bh6 Ke6 48. a3 Kd5 49. Nf4+ Kc6 50. Nd3 Kb5 51. a4+ Kc6 52. h4 Rc8 53. Bc1
Rce8 54. Bg5 Kd5 55. Nf4+ Kd6 56. Nd3 Ke6 57. Bh6 Kf7 58. Rb2 Kg8 59. Rc2 R4e6
60. Rb2 Rb8 61. Rc2 1/2-1/2

[Event "XLVI C.to Italiano"]
[Site "Cesenatico ITA"]
[Date "1986.06.??"]
[Round "12"]
[White "Braga, Fernando Alberto"]
[Black "Lanzani, Mario"]
[Result "1/2-1/2"]
[WhiteElo "2470"]
[BlackElo "2250"]
[PlyCount "30"]
[EventDate "1986.06.15"]

1. e4 e5 2. Nf3 Nc6 3. Bc4 Nf6 4. d3 Be7 5. O-O O-O 6. Re1 d6 7. Bb3 Bg4 8. c3
h6 9. h3 Bh5 10. Nbd2 d5 11. Qe2 dxe4 12. dxe4 Bc5 13. Nf1 Nd7 14. Ng3 Bxf3 15.
Qxf3 Qf6 1/2-1/2

[Event "XLVI C.to Italiano"]
[Site "Cesenatico ITA"]
[Date "1986.06.??"]
[Round "12"]
[White "Messa, Roberto"]
[Black "Martorelli, Antonio"]
[Result "1-0"]
[WhiteElo "2410"]
[BlackElo "2305"]
[PlyCount "49"]
[EventDate "1986.06.15"]

1. e4 c5 2. Nf3 e6 3. d4 cxd4 4. Nxd4 a6 5. Bd3 Nc6 6. Nxc6 dxc6 7. Nd2 e5 8.
Nc4 Ne7 9. Be3 Ng6 10. Nb6 Rb8 11. Nxc8 Rxc8 12. Qf3 Bb4+ 13. Kf1 O-O 14. h4 b5
15. h5 Nf4 16. Bxf4 exf4 17. e5 Qe7 18. Qxf4 Ba5 19. Rh3 c5 20. Rg3 Kh8 21.
Rxg7 Kxg7 22. Qf5 Rg8 23. h6+ Kxh6 24. Qxh7+ Kg5 25. g3 1-0

[Event "XLVI C.to Italiano"]
[Site "Cesenatico ITA"]
[Date "1986.06.??"]
[Round "12"]
[White "Tatai, Stefano"]
[Black "Arlandi, Ennio"]
[Result "1-0"]
[WhiteElo "2405"]
[BlackElo "2360"]
[PlyCount "73"]
[EventDate "1986.06.15"]

1. d4 d5 2. c4 e6 3. Nc3 Nf6 4. Bg5 Be7 5. e3 O-O 6. Nf3 Nbd7 7. Rc1 c6 8. Bd3
dxc4 9. Bxc4 Nd5 10. Bxe7 Qxe7 11. Ne4 b6 12. O-O Bb7 13. Qe2 Rad8 14. a3 N5f6
15. Ng3 c5 16. Rfd1 Ne4 17. Nxe4 Bxe4 18. Bb5 cxd4 19. Rc7 Qd6 20. Rxd7 Rxd7
21. Rxd4 Bxf3 22. Qxf3 Qxd4 23. exd4 Rxd4 24. g3 Rd5 25. Bc4 Rc5 26. b3 Rc7 27.
Qd3 g6 28. Kg2 Re8 29. Qd6 Ree7 30. Bb5 Kg7 31. Bc6 e5 32. b4 f5 33. b5 Kf7 34.
h3 Kg7 35. g4 fxg4 36. hxg4 g5 37. f3 1-0

[Event "XLVI C.to Italiano"]
[Site "Cesenatico ITA"]
[Date "1986.06.??"]
[Round "13"]
[White "Arlandi, Ennio"]
[Black "Braga, Fernando Alberto"]
[Result "1/2-1/2"]
[WhiteElo "2360"]
[BlackElo "2470"]
[PlyCount "23"]
[EventDate "1986.06.15"]

1. d4 d5 2. c4 dxc4 3. Nf3 Nf6 4. e3 a6 5. Bxc4 e6 6. O-O c5 7. a4 Nc6 8. Nc3
Be7 9. dxc5 Bxc5 10. Qe2 O-O 11. Rd1 Qc7 12. h3 1/2-1/2

[Event "XLVI C.to Italiano"]
[Site "Cesenatico ITA"]
[Date "1986.06.??"]
[Round "13"]
[White "Lanzani, Mario"]
[Black "Bellia, Fabrizio"]
[Result "1/2-1/2"]
[WhiteElo "2250"]
[BlackElo "2230"]
[PlyCount "51"]
[EventDate "1986.06.15"]

1. d4 Nf6 2. c4 g6 3. Nf3 Bg7 4. g3 O-O 5. Bg2 d6 6. O-O Nbd7 7. Nc3 e5 8. h3
c6 9. e4 Qb6 10. dxe5 dxe5 11. Qe2 a5 12. Be3 Qb4 13. a3 Qe7 14. Nd2 Nc5 15. b4
axb4 16. Bxc5 Qxc5 17. axb4 Qxb4 18. Rxa8 Qxc3 19. Rb1 Nd7 20. Nf1 Bh6 21. Nh2
Nc5 22. Ng4 Bxg4 23. Rxf8+ Kxf8 24. hxg4 Bc1 25. Qd1 Bd2 26. Qe2 1/2-1/2

[Event "XLVI C.to Italiano"]
[Site "Cesenatico ITA"]
[Date "1986.06.??"]
[Round "13"]
[White "Sibilio, Mario"]
[Black "Messa, Roberto"]
[Result "1/2-1/2"]
[WhiteElo "2305"]
[BlackElo "2410"]
[PlyCount "22"]
[EventDate "1986.06.15"]

1. d4 d5 2. Nf3 Nf6 3. g3 e6 4. Bg2 c5 5. c4 Nc6 6. cxd5 exd5 7. O-O Be7 8. Nc3
O-O 9. Bg5 Be6 10. Rc1 Re8 11. Bxf6 Bxf6 1/2-1/2